000 00640cam a22002293a 4500
001 13178
003 PGUSA
005 20140828083302.0
008 040814s2004||||xxu|||||s|||||000 1 eng d
040 _aPGUSA
_beng
042 _adc
050 4 _aPS
100 1 _aDobie, Charles Caldwell,
_d1881-1943
245 1 0 _aBroken to the Plow :
_bA Novel
_h[electronic resource] /
_cCharles Caldwell Dobie
260 _bProject Gutenberg,
_c2004
506 _aPublic domain in the USA.
516 _aElectronic text
653 _aFiction
830 0 _aProject Gutenberg
_v13178
856 4 0 _uhttp://www.gutenberg.org/ebooks/13178
942 _cEB
999 _c242433
_d242433